States with the Most % Northeastern Transplants - Statistics

General Stats
  • This quiz has been taken 29 times
  • The average score is 7 of 8
Answers on the Map
Answers color-coded by a green-red scale on the quiz's map according to % correct below.
 
Answer Stats
Percent Answer % Correct
19 Florida
100%
8 Georgia
96%
12 North Carolina
96%
17 Virginia
91%
8 Arizona
83%
11 South Carolina
83%
8 Nevada
74%
7 Colorado
70%
No matching quizzes found
Score Distribution
Percent of People with Each Score
Percentile by Number Answered
Your Score History
You have not taken this quiz